| 000 | 00386nam a22001337a 4500 | ||
|---|---|---|---|
| 082 |
_a297.65 _bABD _cL-31,p70 |
||
| 100 |
_aAbdul Qadir _937483 |
||
| 245 |
_aجیند پغداد سوانح، نظریات؛رسائل _cAbdul Qadir |
||
| 260 |
_aLahore: _bMuktabah Jadeed _c1967 |
||
| 300 | _a366 p.: | ||
| 526 |
_a0 _b0 _c0 _d297_650000000000000_ABD |
||
| 650 |
_aMCE _9379 |
||
| 942 |
_2ddc _cBK |
||
| 999 |
_c542352 _d542352 |
||